| 000 | nam a22 7a 4500 | ||
|---|---|---|---|
| 999 |
_c128005 _d128005 |
||
| 008 | 180611b xxu||||| |||| 00| 0 eng d | ||
| 050 | _aPA2087.J48 | ||
| 100 |
_aC.S Jerram, M.A. _941743 |
||
| 245 | _aAnglice Reddenda vol.ii being Greek extracts for unseen translation | ||
| 260 |
_aLondon: _bOxford University Press; _c1906. |
||
| 300 |
_axix:213p. _c17cm. |
||
| 440 |
_aClarendon Press _941744 |
||
| 942 |
_2lcc _cMONOGRAPH |
||